|
|
|
|
| LEADER |
01214nam a22003618i 4500 |
| 001 |
28196 |
| 003 |
BD-DhAAL |
| 005 |
20190523140121.0 |
| 008 |
140811s2012 nju b 001 0 eng |
| 999 |
|
|
|c 32877
|d 32877
|
| 010 |
|
|
|a 2011049849
|
| 020 |
|
|
|a 9781118012871 (paper/ws)
|
| 020 |
|
|
|a 9781118310403 (ebk)
|
| 020 |
|
|
|a 9781118310410 (ebk)
|
| 020 |
|
|
|a 9781118310441 (ebk)
|
| 020 |
|
|
|a 9781118299944 (ebk)
|
| 020 |
|
|
|a 9781118299951 (ebk)
|
| 040 |
|
|
|a DLC
|b eng
|c DLC
|e rda
|d BD-DhAAL
|
| 041 |
|
|
|a eng
|
| 042 |
|
|
|a pcc
|
| 050 |
0 |
0 |
|a NA2708
|b .Y439 2012
|
| 082 |
0 |
0 |
|a 720.284
|2 23
|
| 100 |
1 |
|
|a Yee, Rendow.
|9 5433
|
| 245 |
1 |
0 |
|a Architectural drawing :
|b a visual compendium of types and methods /
|c Rendow Yee.
|
| 250 |
|
|
|a Fourth edition.
|
| 260 |
|
|
|a Hoboken :
|b Wiley,
|c 2012.
|
| 300 |
|
|
|a xix, 586 p. :
|b ill. ;
|c 26 cm.
|
| 504 |
|
|
|a Includes bibliographical references and index.
|
| 526 |
|
|
|a ARC
|
| 541 |
|
|
|e 28196
|
| 650 |
|
0 |
|a Architectural drawing
|x Technique.
|9 5434
|
| 942 |
|
|
|2 ddc
|c BK
|
| 952 |
|
|
|0 0
|1 0
|2 ddc
|4 0
|6 720_284000000000000_YEE
|7 0
|9 43393
|a BRACUL
|b BRACUL
|c GEN
|d 2014-08-11
|e Karim International
|g 6300.00
|l 11
|m 103
|o 720.284 YEE
|p 3010028196
|r 2026-04-01
|s 2025-11-10
|t 1
|w 2014-08-11
|y BK
|